| 000 | 00763nam a2200217 i 4500 | ||
|---|---|---|---|
| 001 | 179428 | ||
| 003 | ES-MaACL | ||
| 005 | 20230906220804.0 | ||
| 008 | 111125s1999 sp a |||| |dspa d | ||
| 080 | _a75 López-Soldado Mato, Francisco (083.824) | ||
| 100 | 1 |
_aLópez-Soldado Mato, Francisco. _9148623 |
|
| 245 | 1 | 0 |
_aPaisajes del pensamiento _b: mayo-junio 1999 / _cLópez-Soldado. |
| 260 |
_a[Madrid : _bGalería Detursa, _c1999] |
||
| 300 |
_a[24] p. : _bprincipalmente il. col. ; _c27 cm. |
||
| 600 | 1 | 7 |
_aLópez-Soldado Mato, Francisco- _vExposiciones. _9148624 |
| 655 | 7 |
_2tgfbne _9193628 _aCatálogos de exposiciones |
|
| 710 | 2 |
_aGalería Detursa. _9148625 |
|
| 852 |
_aES-MaACL _j2290-F-23 |
||
| 942 | _2udc | ||
| 999 |
_c179428 _d179428 |
||